Excavations at Redhouse, Adwick Le Street, Doncaster

محفوظ في:

المؤلف الرئيسي: Tracy Preece

التنسيق: كتاب

اللغة: Undetermined

الوصول للمادة أونلاين: Login to view Source

الوسوم: إضافة وسم

لا توجد وسوم, كن أول من يضع وسما على هذه التسجيلة!

رقم الطلب:

LEADER 00449nmm a2200133Ia 4500
008 240716s9999||||xx |||||||||||||||||und||
020 |a 9781803276885 
020 |a 9781803276892 
100 |a Tracy Preece 
245 1 0 |a Excavations at Redhouse, Adwick Le Street, Doncaster  |c Tracy Preece 
264 |b Archaeopress Archaeology  |c 28-ديسمبر-23 
856 4 0 |u http://library.arce.org:8087/Archaeopress/Products/9781803276885 
942 |2 lcc  |c EBOOK 
999 |c 58965  |d 58965